MARC

LEADER 00000nab a2200000 ar4500
001 vtls011574670
003 SK-MaSNL
005 20260305032131.0
008 160823c2016 xo wr|p|||||||000 b|slo
038 |a PPPK 
040 |a PPPKCL  |b slo  |c PPPKCL  |e AACR2 
041 0 |a slo 
044 |a xo  |c SK 
080 |a 37.011.3-052-054.68  |2 2011 
080 |a 711.438  |2 2011 
080 |a 364-58  |2 2011 
080 |a 614.2:725.511  |2 2011 
245 0 0 |a Americkí študenti sa prišli inšpirovať do osád či hospicu  |c [text] (jat) ; Snímka: Michaela Rondošová, ACEC 
300 |b Fotogr. 
610 2 7 |a Univerzity of Wisconsin (Madison, Wisconsin)  |2 pppkcl  |9 1611097 
610 2 7 |a Hospic sv. Alžbety (Ľubica, Slovensko)  |2 pppkcl  |9 1500039 
610 2 7 |a Inštitút Krista Veľkňaza (Žakovce, Slovensko)  |2 pppkcl  |9 755200 
610 2 7 |a Nemocnica Dr. Vojtecha Alexandra (Kežmarok, Slovensko)  |2 pppkcl  |9 1036158 
648 7 |a 26.-29.7.2016  |2 pppkcl  |9 1611098 
650 0 7 |a zahraniční študenti  |2 pppkcl  |9 4199 
650 0 7 |a návštevy  |2 pppkcl  |9 726269 
650 0 7 |a rómske osady  |2 pppkcl  |9 70154 
650 0 7 |a hospice  |2 pppkcl  |9 19856 
650 0 7 |a nemocnice  |2 pppkcl  |9 3008 
651 7 |a Ľubica (Slovensko)  |2 pppkcl  |9 51312 
651 7 |a Žakovce (Slovensko)  |2 pppkcl  |9 54514 
651 7 |a Lomnička (Slovensko)  |2 pppkcl  |9 55644 
651 7 |a Telgárt (Slovensko)  |2 pppkcl  |9 75908 
651 7 |a Jánovce (Poprad, Slovensko)  |2 pppkcl  |9 163357 
651 7 |a Stráne pod Tatrami (Slovensko)  |2 pppkcl  |9 54531 
651 7 |a Krížová Ves (Slovensko)  |2 pppkcl  |9 55578 
651 7 |a Kežmarok (Slovensko : okres)  |2 pppkcl  |9 51824 
651 7 |a Poprad (Slovensko : okres)  |2 pppkcl  |9 28675 
651 7 |a Wisconsin  |2 pppkcl  |9 49331 
700 1 |a Rondošová, Michaela  |4 pht  |9 1611099 
773 0 |t Podtatranské noviny  |g Roč. LVI, č. 32 (2016), s. 2 a 8  |x 1210-2423 
852 |a PPPK  |b KIS3GCP 
999 |c 3318849  |d 3320779